Detalles MARC
| 000 -CABECERA |
| campo de control de longitud fija |
01792nam a2200277 a 4500 |
| 001 - NÚMERO DE CONTROL |
| campo de control |
000039281 |
| 003 - IDENTIFICADOR DEL NÚMERO DE CONTROL |
| campo de control |
DO-SdBNP |
| 005 - FECHA Y HORA DE LA ÚLTIMA TRANSACCIÓN |
| campo de control |
20230208105828.0 |
| 007 - CAMPO FIJO DE DESCRIPCIÓN FÍSICA--INFORMACIÓN GENERAL |
| campo de control de longitud fija |
ta |
| 008 - DATOS DE LONGITUD FIJA--INFORMACIÓN GENERAL |
| campo de control de longitud fija |
130621s2012 dr a 000 0 spa d |
| 020 ## - NÚMERO INTERNACIONAL ESTÁNDAR DEL LIBRO |
| Número Internacional Estándar del Libro |
9789945472165 |
| 040 ## - FUENTE DE LA CATALOGACIÓN |
| Centro catalogador/agencia de origen |
DO-SdBNP |
| Lengua de catalogación |
spa |
| Centro/agencia transcriptor |
BNPHU |
| 082 ## - NÚMERO DE LA CLASIFICACIÓN DECIMAL DEWEY |
| Número de edición |
22 |
| Número de clasificación |
532.0078 |
| Número de documento/Ítem |
M519hi |
| 100 1# - ENTRADA PRINCIPAL--NOMBRE DE PERSONA |
| Nombre de persona |
Meléndez Valencia, Martín |
| 9 (RLIN) |
65476 |
| 245 10 - MENCIÓN DE TÍTULO |
| Título |
Hidráulica II : |
| Resto del título |
prácticas de laboratorio / |
| Mención de responsabilidad, etc. |
Martín Meléndez Valencia, Juan Ernesto Castellanos Cunillera. |
| 260 ## - PUBLICACIÓN, DISTRIBUCIÓN, ETC. |
| Lugar de publicación, distribución, etc. |
Santo Domingo : |
| Nombre del editor, distribuidor, etc. |
Instituto Tecnológico de Santo Domingo (INTEC), |
| Fecha de publicación, distribución, etc. |
2012. |
| 300 ## - DESCRIPCIÓN FÍSICA |
| Extensión |
100 p. : |
| Otras características físicas |
ils. ; |
| Dimensiones |
29 cm. |
| 500 ## - NOTA GENERAL |
| Nota general |
Incluye notas al pie de las páginas |
| 504 ## - NOTA DE BIBLIOGRAFÍA, ETC. |
| Nota de bibliografía, etc. |
Bibliografía : p. 99-100 |
| 505 ## - NOTA DE CONTENIDO CON FORMATO |
| Nota de contenido con formato |
DETERMINACIÓN DE LA ALTURA TOTAL Y CURVAS DE CARACTERÍSTICAS DE UNA BOMBA CENTRÍFUGA 25|Determinación de la altura de elevación total de la bomba 26|Determinación de las curvas características de una bomba centrifuga 31|CONTROL DE NPSH 37|BOMBAS EN SERIE Y EN PARALELO 43|Bombas que operan en serie 44|Bombas que operan en paralelo 46|TURBINA PELTON 49|TEOREMA DE TORRICELLI: FLUJO A TRAVÉS DE UN ORIFICIO 57|Determinación del coeficiente de velocidad desde la trayectoria de un chorro de caída libre 57|Determinación del coeficiente de descarga con una carga de fluido constante 63|FLUJO CARACTERÍSTICO SOBRE UN ALIVIADERO DE UNA PRESA 67|FLUJO A TRAVÉS DE UN SIFÓN 73|Características de flujo a través de un vertedor de Sifón 73|Características de flujo a través de un sifón regulado por aire 75|Flujo característico para una compuerta radial 81 |
| 590 ## - NOTA LOCAL (RLIN) |
| Nota local |
Inventariado, 2023 / DG |
| 650 4# - PUNTO DE ACCESO ADICIONAL DE MATERIA--TÉRMINO DE MATERIA |
| Término de materia o nombre geográfico como elemento de entrada |
Hidráulica |
| Subdivisión general |
Manuales de laboratorio |
| 9 (RLIN) |
83090 |
| 700 1# - PUNTO DE ACCESO ADICIONAL--NOMBRE DE PERSONA |
| Nombre de persona |
Castellanos Cunillera, Juan Ernesto |
| 9 (RLIN) |
65477 |
| 910 ## - DATOS DE OPCIÓN DEL USUARIO (OCLC) |
| Datos de opción del usuario |
DG |
| 942 ## - ELEMENTOS DE PUNTO DE ACCESO ADICIONAL (KOHA) |
| Fuente del sistema de clasificación o colocación |
Dewey Decimal Classification |
| Tipo de ítem Koha |
Libro |